Study of awareness of home makers regarding kitchen equipments : With special reference to middle income group families of Jabalpur city (Record no. 21000)
[ view plain ]
| 000 -LEADER | |
|---|---|
| fixed length control field | 00806nam a2200205Ia 4500 |
| 082 ## - DEWEY DECIMAL CLASSIFICATION NUMBER | |
| Classification number | TS.0851 |
| 100 ## - MAIN ENTRY--AUTHOR NAME | |
| Personal name | Sharma, Mamta |
| 245 #0 - TITLE STATEMENT | |
| Title | Study of awareness of home makers regarding kitchen equipments : With special reference to middle income group families of Jabalpur city |
| 260 ## - PUBLICATION, DISTRIBUTION, ETC. (IMPRINT) | |
| Year of publication | 1994 |
| Name of publisher | Rani Durgavati Vishwavidyalaya |
| 300 ## - PHYSICAL DESCRIPTION | |
| Number of Pages | v.p. |
| 650 ## - SUBJECT ADDED ENTRY--TOPICAL TERM | |
| Topical Term | HOME ECONOMICS, RURAL - EQUIPMENT AND SUPPLIES//HOME ECONOMICS - EQUIPMENT AND SUPPLIES |
| 650 ## - SUBJECT ADDED ENTRY--TOPICAL TERM | |
| Topical Term | MIDDLE CLASS FAMILIES - MADHYA PRADESH - JABALPUR |
| 650 ## - SUBJECT ADDED ENTRY--TOPICAL TERM | |
| Topical Term | HOMEMAKERS - MADHYA PRADESH - JABALPUR |
| 650 ## - SUBJECT ADDED ENTRY--TOPICAL TERM | |
| Topical Term | HOME ECONOMICS - EQUIPMENT AND SUPPLIES |
| 650 ## - SUBJECT ADDED ENTRY--TOPICAL TERM | |
| Topical Term | KITCHEN UTENSILS - MADHYA PRADESH - JABALPUR |
| 650 ## - SUBJECT ADDED ENTRY--TOPICAL TERM | |
| Topical Term | HOUSEHOLD GOODS//KITCHEN UTENSILS |
| 710 ## - ADDED ENTRY--CORPORATE NAME | |
| Corporate name or jurisdiction name as entry element | Jathar, N. |
| 710 ## - ADDED ENTRY--CORPORATE NAME | |
| Corporate name or jurisdiction name as entry element | Shukla, S. |
| 942 ## - ADDED ENTRY ELEMENTS (KOHA) | |
| Koha item type | Thesis |
| Source of classification or shelving scheme | Dewey Decimal Classification |
| Withdrawn status | Lost status | Damaged status | Not for loan | Home library | Current library | Date acquired | Bill Date | Full call number | Accession Number | Price effective from | Koha item type |
|---|---|---|---|---|---|---|---|---|---|---|---|
| NASSDOC Library | NASSDOC Library | 08/10/2004 | 2008-12-30 | TS.0851 | 35704 | 18/04/2019 | Thesis |
